000 002310000a22000970004500
100 1 _aBoyd, Seren
245 1 0 _aThe morning star : A new day for Zarine
300 _aNum 16 (2001), Páginas 22-23
773 0 _tTeartimes
942 _cANA
999 _c55920
_d55920